000 00789nam a2200265 a 4500
001 16200
003 BD-RjUL
005 20211208235956.0
008 140211s1982 ilua b 001 0 eng
020 _a0030562279
035 _a(BD-RjUL)16255
040 _aDLC
_cBD-RjUL
_dBD-RjUL
_beng
041 _aeng
082 0 0 _a658.83
_219
_bZIE 1982
100 1 _aZikmund, William G.
_940459
245 1 0 _aExploring marketing research /
_cWilliam G. Zikmund.
260 _aChicago :
_bDryden Press,
_cc1982.
300 _axxv, 657 p. :
_bill. ;
_c25 cm.
504 _aIncludes bibliographical references and indexes.
650 0 _aMarketing research.
_950127
942 _2ddc
_cBK
999 _c16200
_d16200